The no asshole rule : (Record no. 1475)

000 -LEADER
fixed length control field 01934nam a22004457a 4500
001 - CONTROL NUMBER
control field 14424563
003 - CONTROL NUMBER IDENTIFIER
control field OSt
005 - DATE AND TIME OF LATEST TRANSACTION
control field 20210426063429.0
008 - FIXED-LENGTH DATA ELEMENTS--GENERAL INFORMATION
fixed length control field 060622s2007 nyua b 001 0 eng
010 ## - LIBRARY OF CONGRESS CONTROL NUMBER
LC control number 2006020852
020 ## - INTERNATIONAL STANDARD BOOK NUMBER
International Standard Book Number 0446526568
020 ## - INTERNATIONAL STANDARD BOOK NUMBER
International Standard Book Number 9780446526562
035 ## - SYSTEM CONTROL NUMBER
System control number (OCoLC)ocm70176901
040 ## - CATALOGING SOURCE
Original cataloging agency DLC
Transcribing agency DLC
Modifying agency BAKER
-- BTCTA
-- C#P
-- YDXCP
-- GZM
-- VP@
-- DLC
Language of cataloging eng
041 ## - LANGUAGE CODE
Language code of text/sound track or separate title eng
050 00 - LIBRARY OF CONGRESS CALL NUMBER
Classification number HD58.7
Item number .S935 2007
080 ## - UNIVERSAL DECIMAL CLASSIFICATION NUMBER
Universal Decimal Classification number 65
Item number S-95
082 00 - DEWEY DECIMAL CLASSIFICATION NUMBER
Classification number 650.1/3
Edition number 22
100 1# - MAIN ENTRY--PERSONAL NAME
Personal name Sutton, Robert I.
245 14 - TITLE STATEMENT
Title The no asshole rule :
Remainder of title building a civilized workplace and surviving one that isn't /
Statement of responsibility, etc. / by: Warner Business Books
246 30 - VARYING FORM OF TITLE
Title proper/short title Building a civilized workplace
250 ## - EDITION STATEMENT
Edition statement 1st edition
260 ## - PUBLICATION, DISTRIBUTION, ETC.
Place of publication, distribution, etc. New York
Name of publisher, distributor, etc. Warner Business Books
Date of publication, distribution, etc. 2007.
300 ## - PHYSICAL DESCRIPTION
Extent 238 p.
Other physical details ill.
Dimensions 22 cm.
365 ## - TRADE PRICE
Price amount 14.99 usd
504 ## - BIBLIOGRAPHY, ETC. NOTE
Bibliography, etc. note Includes bibliographical references (p. [189]-191) and index.
505 0# - FORMATTED CONTENTS NOTE
Formatted contents note What workplace assholes do and why you know so many -- The damage done: why every workplace needs the rule -- How to implement the rule, enforce it, and keep it alive -- How to stop your "inner jerk" from getting out -- When assholes reign: tips for surviving nasty people and workplaces -- The virtues of assholes -- The no asshole rule as a way of life.
650 #0 - SUBJECT ADDED ENTRY--TOPICAL TERM
Topical term or geographic name entry element Organizational behavior.
650 #0 - SUBJECT ADDED ENTRY--TOPICAL TERM
Topical term or geographic name entry element Business
9 (RLIN) 323
650 #0 - SUBJECT ADDED ENTRY--TOPICAL TERM
Topical term or geographic name entry element Bullying in the workplace.
650 #0 - SUBJECT ADDED ENTRY--TOPICAL TERM
Topical term or geographic name entry element Psychological abuse.
650 #0 - SUBJECT ADDED ENTRY--TOPICAL TERM
Topical term or geographic name entry element Courtesy.
650 #0 - SUBJECT ADDED ENTRY--TOPICAL TERM
Topical term or geographic name entry element Work environment.
653 ## - INDEX TERM--UNCONTROLLED
Uncontrolled term ბიზნესი
856 41 - ELECTRONIC LOCATION AND ACCESS
Materials specified Table of contents only
Uniform Resource Identifier <a href="http://www.loc.gov/catdir/toc/ecip0616/2006020852.html">http://www.loc.gov/catdir/toc/ecip0616/2006020852.html</a>
856 42 - ELECTRONIC LOCATION AND ACCESS
Materials specified Publisher description
Uniform Resource Identifier <a href="http://www.loc.gov/catdir/enhancements/fy0729/2006020852-d.html">http://www.loc.gov/catdir/enhancements/fy0729/2006020852-d.html</a>
906 ## - LOCAL DATA ELEMENT F, LDF (RLIN)
a 7
b cbc
c orignew
d 1
e ecip
f 20
g y-gencatlg
942 ## - ADDED ENTRY ELEMENTS (KOHA)
Source of classification or shelving scheme
Koha item type Books
Edition 1
Holdings
Withdrawn status Lost status Source of classification or shelving scheme Damaged status Not for loan Permanent location Current location Date acquired Inventory number Total Checkouts Full call number Barcode Date last seen Price effective from Koha item type
          Ken Walker International University Ken Walker International University 02/17/2021 604   65 S-95 604 02/17/2021 02/17/2021 Books

Powered by Koha